000 00439nam a22001697a 4500
008 170728b xxu||||| |||| 00| p tur d
020 _a9756978007
041 _atur
100 _9571
_aMehmet S. Fidancı
245 _aŞirpençe
_cMehmet S. Fidancı
250 _a1. baskı
260 _aAnkara
_bMağara Kitapları
_cTemmuz 1997
300 _a46 sayfa
500 _aŞiir Dizisi: 1
650 0 _9145
_aTürk Edebiyatı
942 _2lcc
_cBK
999 _c802
_d790